000 00324nam a22001457a 4500
003 SGT
020 _a978-3-8365-0995-4
082 _a747.0954
_bTAS
100 _aTASCHEN, ANGELIKA
245 _aINDIAN INTERIORS
260 _aH.K.
_bTASCHEN PUB.
_c2009
300 _a279
650 _aINDIAN INTERIORS
942 _2ddc
_cBK
999 _c33213
_d33213